000 00841nam a22002657i 4500
003 URS
005 20220117120623.0
008 180508b xxu||||| |||| 00| 0 eng d
020 _a9710843109
040 _erda
_cURS
_beng
050 _aZ56.G833
_b.G74 1976
245 _aGregg shorthand for colleges volume two /
_cLouis A. Leslie, Charles E. Zoubek, A. James Lemaster, Russell J. Hosler. --
250 _aSecond edition. --
264 1 _aNew York :
_bGregg Division McGraw-Hill Book Company,
_c1973.
300 _a448 pages :
_c24 cm
336 _atext
_btxt
_2rdacontent
337 _aunmediated
_bn
_2rdamedia
338 _avolume
_bnc
_2rdacarrier
650 _aShorthand -- Gregg.
700 _aLeslie, Louis A.
700 _aZoubek, Charles E.
700 _aLemaster, James A.
700 _aHosler, Russell J.
942 _2lcc
_cFR
999 _c5024
_d5024